| 000 -LEADER |
| fixed length control field |
00986nmm a2200265 a 4500 |
| 001 - CONTROL NUMBER |
| control field |
ocm000660972 |
| 003 - CONTROL NUMBER IDENTIFIER |
| control field |
TR-IsHL |
| 005 - DATE AND TIME OF LATEST TRANSACTION |
| control field |
20201028142414.0 |
| 008 - FIXED-LENGTH DATA ELEMENTS--GENERAL INFORMATION |
| fixed length control field |
140104s2004 tu tur |
| 007 - PHYSICAL DESCRIPTION FIXED FIELD--GENERAL INFORMATION |
| fixed length control field |
cr cn |
| 020 ## - INTERNATIONAL STANDARD BOOK NUMBER |
| International Standard Book Number |
9789755128894 |
| 035 ## - SYSTEM CONTROL NUMBER |
| System control number |
660972 |
| -- |
(N$T) |
| 050 04 - LIBRARY OF CONGRESS CALL NUMBER |
| Classification number |
HD2056.7 |
| Item number |
.T87 2004 |
| 090 04 - LOCALLY ASSIGNED LC-TYPE CALL NUMBER (OCLC); LOCAL CALL NUMBER (RLIN) |
| Classification number (OCLC) (R) ; Classification number, CALL (RLIN) (NR) |
HD2056.7 |
| Local cutter number (OCLC) ; Book number/undivided call number, CALL (RLIN) |
.T87 2004 |
| 245 10 - TITLE STATEMENT |
| Title |
Türkiye'de tarımın teşvikinde doğrudan gelir desteği sistemi ve sonuçları |
| Medium |
[electronic resource] / |
| Statement of responsibility, etc. |
Gülcan Eraktan...[ve öte] |
| 260 ## - PUBLICATION, DISTRIBUTION, ETC. |
| Place of publication, distribution, etc. |
İstanbul : |
| Name of publisher, distributor, etc. |
İstanbul Ticaret Odası, |
| Date of publication, distribution, etc. |
2004 |
| 300 ## - PHYSICAL DESCRIPTION |
| Extent |
126 p. |
| 650 #4 - SUBJECT ADDED ENTRY--TOPICAL TERM |
| Topical term or geographic name entry element |
Tarım ve Biyoloji |
| 650 #4 - SUBJECT ADDED ENTRY--TOPICAL TERM |
| Topical term or geographic name entry element |
Agricultural and Biological Sciences |
| 650 #0 - SUBJECT ADDED ENTRY--TOPICAL TERM |
| Topical term or geographic name entry element |
Tarım |
| General subdivision |
Ekonomik yönleri |
| -- |
Türkiye |
| 650 #0 - SUBJECT ADDED ENTRY--TOPICAL TERM |
| Topical term or geographic name entry element |
Agriculture |
| General subdivision |
Economic aspects |
| -- |
Turkey |
| 650 #7 - SUBJECT ADDED ENTRY--TOPICAL TERM |
| Topical term or geographic name entry element |
TECHNOLOGY & ENGINEERING / Agriculture / General |
| Source of heading or term |
bisacsh |
| 700 1# - ADDED ENTRY--PERSONAL NAME |
| Personal name |
Eraktan, Gülcan |
| 856 40 - ELECTRONIC LOCATION AND ACCESS |
| Uniform Resource Identifier |
<a href="http://search.ebscohost.com/login.aspx?direct=true&scope=site&db=e011xww&AN=660972">http://search.ebscohost.com/login.aspx?direct=true&scope=site&db=e011xww&AN=660972</a> |